000 00665nam a2200277Ia 4500
005 20260324121817.0
008 008 260324s9999 xx 000 0 eng d
020 _a9780240823638
037 _aEBOOK
040 _aCRL
040 _beng
040 _cCRL
041 _2eng
041 _aeng
084 _qCRL
100 _aJosh Anon; Ellen Anon
_91163967
245 0 _aSee It: Photographic Composition Using Visual Intensity
260 _bTaylor and Francis
260 _c2013
365 _a
365 _b300
856 _uhttp://www.taylorfrancis.com/books/9780240823638
942 _cEBOOK
999 _c1756290
_d1756290